000 00436nam a2200145Ia 4500
008 210716s2011 xx 000 0 und d
020 _a9780071067850
041 _aeng
082 _a658.15 KHAM
100 _aKhan, M Y;Jain, P K.
245 _aFinancial management: text problems and cases.
_bText problems and cases.
250 _a6
260 _aNew Delhi
_bTata McGraw Hill Publishing Company Ltd
_c2011
300 _axxi,36.45,I.10
999 _c185561
_d185561